Normal view MARC view
  • Prakash,Shakti

Entry Personal Name

Number of records used in: 1

001 - CONTROL NUMBER

  • control field: 35096

003 - CONTROL NUMBER IDENTIFIER

  • control field: OSt

005 - DATE AND TIME OF LATEST TRANSACTION

  • control field: 20260422123515.0

008 - FIXED-LENGTH DATA ELEMENTS

  • fixed length control field: 260422|| aca||aabn | a|a d

040 ## - CATALOGING SOURCE

  • Original cataloging agency: OSt
  • Transcribing agency: OSt

100 ## - HEADING--PERSONAL NAME

  • Personal name: Prakash,Shakti

670 ## - SOURCE DATA FOUND

  • Source citation: Work cat.: (OSt)7854: Prakash,Shakti , The Man Towards the Moksha, 10 May 2025

Copyright © 2024 Indian Institute of Management Visakhapatnam
Koha v23.05